| 000 | 01261cam a2200289 i 4500 | ||
|---|---|---|---|
| 003 | SA-RiAUC | ||
| 005 | 20250902093715.0 | ||
| 008 | 250829s2007 su o g 000 0 ara c | ||
| 020 | _a9960618803 | ||
| 040 |
_aIMAM _bara _cSA-RiAUC _erda |
||
| 043 | _aa-su--- | ||
| 050 | 4 | _bA57 2007 | |
| 082 | 0 | 4 |
_a953.122 _qSA-RiAUC |
| 090 |
_a953.122 _bا ن ص |
||
| 100 | 1 |
_aالأنصاري، ناجي محمد حسن عبد القادر، _d1363 هجري- _eمؤلف. |
|
| 245 | 1 | 2 |
_aالمسقاية من مظاهر الحياة الاجتماعية بالمدينة المنورة / _cتأليف ناجي محمد حسن عبد القادر الأنصاري. |
| 250 | _aالطبعة الأولى. | ||
| 264 | 1 |
_aالمدينة المنورة : _bنادي المدينة المنورة الأدبي، _c2007 |
|
| 300 |
_a330 صفحة : _bصور ؛ _c24 سم. |
||
| 336 |
_aنص _btxt _2rdacontent _3كتاب |
||
| 337 |
_aبدون وسيط _bn _2rdamedia |
||
| 338 |
_aمجلد _bnc _2rdacarrier |
||
| 490 | 0 |
_aمطبوعات نادي المدينة المنورة الأدبي ؛ _v220 |
|
| 651 | 7 |
_aالمدينة المنورة _xحياة وعادات اجتماعية _2aucsh |
|
| 942 |
_2ddc _cBOOK _n0 |
||
| 949 |
_aSA-JeALM _d250829 _umohamedma123 _n1 |
||
| 999 |
_c11396 _d11396 |
||